| 000 | 00965nam a2200205 i 4500 | ||
|---|---|---|---|
| 001 | 181217 | ||
| 003 | ES-MaACL | ||
| 005 | 20230906221313.0 | ||
| 008 | 121102s1924 sp |||| | spa d | ||
| 100 | 1 |
_aBallesteros y Usano, Antonio. _925069 |
|
| 245 | 1 | 0 |
_aCaracterísticas de la enseñanza primara en Francia, Bélgica y Cantón suizo de Neuchatel / _cpor Antonio Ballesteros Usano. |
| 260 |
_aMadrid : _bJunta para Ampliación de Estudios e Investigaciones Científicas, _c1924. |
||
| 300 |
_aP. [211]-262 ; _c23 cm. |
||
| 490 | 1 |
_aAnales de la Junta para Ampliación de Estudios e Investigaciones Científicas ; _vt. 19, memoria 5 |
|
| 650 |
_aEnseñanza primaria- _zEuropa. _9151731 |
||
| 710 | 2 |
_aJunta para la Ampliación de Estudios e Investigaciones Científicas. _95413 |
|
| 830 | 0 |
_aAnales de la Junta para Ampliación de Estudios e Investigaciones Científicas ; _vt. 19, memoria 5 _9186710 |
|
| 852 |
_aES-MaACL _jB-13175(5) |
||
| 999 |
_c181217 _d181217 |
||